Une marque de voiture par lettres de l'alphabet - Statistiques

Statistiques générales
  • Ce quiz a été pris 3 688 fois
  • Le résultat moyen est 20 sur 23
Statistiques - réponses
Par images Réponse % Correct
Audi
100%
Dacia
99%
Citroën
98%
Ford
98%
Jaguar
98%
Kia
98%
Iveco
97%
Nissan
97%
Mercedes-Benz
96%
GMC
95%
Honda
95%
Opel
95%
Peugeot
95%
Renault
95%
Lamborghini
94%
Ultima
93%
Bentley
92%
Tesla Motors
92%
Volkswagen
88%
Zenvo
82%
Smart
77%
Eagle
74%
Weber
2%
Aucun quiz correspondant
Distribution des résultats
% des personnes avec chaque résultat
Percentile par nombre de réponses
Votre historique - résultats
Vous n’avez pas pris ce quiz